[Event "2nd Hersonissos Open 2018"]
[Site "Hersonissos"]
[Date "2018.06.17"]
[Round "1"]
[White "Delchev, Aleksander"]
[Black "Kozyris, Ilias"]
[Result "1-0"]
[WhiteElo "2563"]
[BlackElo "1570"]
[Annotator "TA"]
[PlyCount "69"]
[EventDate "2018.06.16"]
[EventType "swiss"]
[EventCountry "GRE"]
[SourceTitle "playchess.com"]
[Source "ChessBase"]
[SourceQuality "1"]

{[%evp 17,68,31,56,31,29,21,21,21,20,22,156,142,158,158,253,248,245,234,299,303,337,296,389,358,359,355,482,462,650,653,623,609,1118,1115,1497,1419,1193,1015,2661,2253,1575,1010,1150,998,29993,29994,29996,29997,29997,29998,29998,29999,29999]} 1. e4 e5 2. Nf3 Nc6 3. Bb5 {[%cal Bf1b5,Bb5a4,Ba4b3][%mdl 32]} a6 4. Ba4 Nf6 5. O-O b5 6. Bb3 Be7 7. a4 Bb7 8. d3 O-O 9. Re1 h6 {LiveBook: 20 Games. C88: Closed Ruy Lopez: Anti-Marshall Systems} (9... Re8 10. Nbd2 Bf8 11. Nf1 Na5 12. Ba2 d5 13. axb5 axb5 14. exd5 Bxd5 15. Bg5 Bxa2 16. Rxa2 e4 17. Bxf6 Qxf6 18. Rxe4 Rxe4 19. dxe4 {1-0 (29) Caruana,F (2804)-Onischuk,A (2672) Saint Louis 2018}) 10. Bd2 Bc5 $146 ({Predecessor:} 10... Re8 11. Nc3 b4 12. Nd5 Bc5 13. a5 Rb8 14. c3 Ba8 15. Bc4 bxc3 16. bxc3 Na7 17. Nb4 Bxb4 18. cxb4 {½-½ (44) Ermenkov,E (2462)-Petkov,V (2480) Sunny Beach 2006}) 11. Na3 b4 {The position is equal.} 12. Nc4 Ng4 13. Re2 Nd4 (13... d6 $11 {keeps the balance.}) 14. Nxd4 $16 Bxd4 15. h3 ({Wrong is} 15. Bxb4 $2 {[#]} Qh4 $1 $19 {[%mdl 512]}) 15... Bxf2+ (15... Nf6 $16 {keeps fighting.} 16. c3 (16. Bxb4 d6 $16) 16... bxc3 17. bxc3 Ba7) 16. Rxf2 $18 Nxf2 17. Kxf2 Qf6+ 18. Qf3 Qe7 19. Qg3 Rae8 20. Kg1 Kh8 21. Ne3 Qc5 22. Kh2 f5 (22... Qd6 $142 23. Rf1 Qg6 24. Bxb4 d6 25. Bxf7 Qxg3+ 26. Kxg3 Re7) 23. Nxf5 Rxf5 24. exf5 {[%cal Be4f5,Bf5f6,Bf6f7][%mdl 32]} e4 {[#]} 25. f6 $1 {[%csl Gf6][%cal Rg3g7]} g5 (25... gxf6 26. Qg6) 26. f7 Rf8 27. Be3 Qc6 28. Qe5+ Kh7 29. Bd4 {[%csl Gd4][%cal Re5g7]} Qg6 30. Rf1 {Rf6 would kill now.} exd3 31. Rf6 {White mates.} Qe4 {[#]} 32. Rxh6+ $1 {[%mdl 512]} Kxh6 33. Qg7+ Kh5 34. g4+ Kh4 35. Bf2# {Precision: White = 69%, Black = 19%.} 1-0

[Event "2nd Hersonissos Open 2018"]
[Site "Hersonissos"]
[Date "2018.06.17"]
[Round "1"]
[White "Salomon, Johan"]
[Black "Kotsinis, Alexandros"]
[Result "1-0"]
[WhiteElo "2474"]
[BlackElo "1655"]
[Annotator "TA"]
[PlyCount "89"]
[EventDate "2018.06.16"]
[EventType "swiss"]
[EventCountry "GRE"]
[SourceTitle "playchess.com"]
[Source "ChessBase"]
[SourceQuality "1"]

{[%evp 14,89,49,62,57,46,88,96,94,95,92,104,131,123,135,128,141,131,135,127,143,146,147,72,72,72,68,79,72,64,67,72,61,64,77,22,51,0,0,0,0,-6,0,-6,-4,-5,-5,-2,-5,-41,-18,-18,-14,-20,0,0,17,16,52,9,8,8,10,8,16,16,85,97,86,43,88,49,76,56,78,18,1194,1187]} 1. Nf3 d5 2. g3 Nf6 3. Bg2 c6 4. O-O Bf5 5. d3 h6 6. c4 e6 7. cxd5 cxd5 8. Qb3 {LiveBook: 18 Partien. A11: Reti-Eröffnung} Qc8 (8... Qb6 9. Qxb6 axb6 10. Nd4 Bh7 11. Nb5 Kd7 12. N1c3 Nc6 13. e4 dxe4 14. dxe4 Bc5 15. a3 Ke7 {1-0 (74) Petrosian,T (2636)-Grigoryan,A (2608) Martuni 2011}) 9. Bf4 Be7 10. Nd4 $146 {Weiß steht besser.} ({Vorgänger:} 10. Nc3 a6 11. Rfc1 Nc6 12. Ne5 O-O 13. Na4 Ra7 14. Be3 d4 15. Nxc6 bxc6 16. Rxc6 {½-½ (47) Hinz,A (1696)-Wachsmann,E (1604) Wiesbaden 2017}) 10... Bg6 11. Rc1 Nc6 12. Qa4 O-O 13. Nd2 ({Keinesfalls} 13. Nxc6 $6 bxc6 14. Rxc6 Qb7 $14) 13... Nd7 14. Nxc6 bxc6 15. Rxc6 Qe8 16. Rc7 Nc5 17. Qxe8 Rfxe8 18. Rxe7 (18. Nf3 $142) 18... Rxe7 $16 19. Bd6 Rb7 20. Bxc5 Rxb2 21. Nb3 Rxe2 22. Bf3 Rc2 23. Bd1 Rc3 24. d4 (24. Bb4 $16 Rcc8 25. d4) 24... a5 25. Nc1 (25. Rc1 $14 Rc4 26. Ra1) 25... Bc2 $11 26. Bxc2 Rxc2 27. Rb1 {[#]} e5 $1 {[%mdl 512]} 28. Kf1 (28. dxe5 Rxc5) 28... Rc8 {Mit der Idee ...exd4.} 29. Ne2 exd4 30. Bxd4 Rxa2 31. Rb5 a4 32. Nc3 Rc2 {[#] Droht ...Tc4 und aus.} 33. Nxd5 {Droht stark Se7+.} R8c4 34. Bb2 {Weiss will Se3 spielen.} Re4 35. Ne3 Rc8 36. Nf5 {Und weiter mit Sd6 wäre nett.} (36. Ra5 $5 {[%cal Re3f5]}) 36... Ra8 37. Bxg7 a3 38. Ba1 a2 39. Nxh6+ Kf8 (39... Kh7 $1 $11 {bleibt in der Remisbreite.} 40. Nxf7 Rc4) 40. Rf5 $16 Re7 41. Rg5 {[%csl Gh6][%cal Rg5g8]} Ree8 42. Rg7 {[%csl Gh6][%cal Rg7f7]} Ra7 43. Rh7 {zielt auf Sf5 ab.} Rea8 44. Kg2 (44. Nf5 $16 {[%cal Rh7h8]} f6 45. Rh6) 44... Rd8 $2 {[%mdl 8192]} (44... f6 $11 45. Rxa7 Rxa7) 45. Bf6 {Precision: Weiß = 67%, Schwarz = 47%.} 1-0

[Event "2nd Hersonissos Open 2018"]
[Site "Hersonissos"]
[Date "2018.06.17"]
[Round "1"]
[White "Hommeles, Theo"]
[Black "Dagkonaki, Aspasia"]
[Result "1-0"]
[WhiteElo "2361"]
[BlackElo "1538"]
[Annotator "NA"]
[PlyCount "45"]
[EventDate "2018.06.16"]
[EventType "swiss"]
[EventCountry "GRE"]
[SourceTitle "playchess.com"]
[Source "ChessBase"]
[SourceQuality "1"]
[TimeControl "5400+30"]

1. d4 {[%emt 0:00:00]} d5 {[%emt 0:00:18]} 2. e4 {[%emt 0:00:00]} e6 {[%emt 0:00:28]} 3. Nc3 {[%emt 0:00:08]} b6 {[%emt 0:05:59]} 4. Bd3 {[%emt 0:05:49]} Bb7 {[%emt 0:02:05]} 5. exd5 {[%emt 0:00:14]} Nf6 {[%emt 0:06:58]} 6. Bb5+ {[%emt 0:18:49]} Nfd7 {[%emt 0:13:39]} 7. Qf3 {[%emt 0:12:38]} a6 {[%emt 0:08:18]} 8. Bc6 {[%emt 0:02:19]} Bxc6 {[%emt 0:03:25]} 9. dxc6 {[%emt 0:00:10]} Nf6 {[%emt 0:00:07]} 10. Nge2 {[%emt 0:00:43]} Be7 {[%emt 0:15:21]} 11. Bf4 {[%emt 0:03:20]} Bd6 {[%emt 0:01:31]} 12. O-O-O {[%emt 0:01:26]} Bxf4+ {[%emt 0:01:17]} 13. Nxf4 {[%emt 0:00:38]} Qd6 {[%emt 0:00:33]} 14. d5 $18 {[%emt 0:01:51]} O-O {[%emt 0:08:15]} 15. dxe6 {[%emt 0:06:16]} Qxc6 {[%emt 0:01:22]} 16. exf7+ {[%emt 0:00:08]} Kxf7 {[%emt 0:01:59]} 17. Ncd5 {[%emt 0:03:59]} Re8 {[%emt 0:05:58]} 18. Rd3 {[%emt 0:07:06]} Ra7 {[%emt 0:04:10]} 19. Rhd1 {[%emt 0:05:49]} Qa4 {[%emt 0:03:40]} 20. Nxf6 {[%emt 0:01:39]} gxf6 {[%emt 0:01:24]} 21. Qh5+ {[%emt 0:01:15]} Kf8 {[%emt 0:02:30]} 22. Qh6+ {[%emt 0:00:17]} Kg8 {[%emt 0:01:37]} 23. Rg3+ {[%emt 0:00:08]} 1-0

[Event "2nd Hersonissos Open 2018"]
[Site "Hersonissos"]
[Date "2018.06.17"]
[Round "1"]
[White "Risting, Eivind Olav"]
[Black "Magoulianos, Nikolaos"]
[Result "1-0"]
[WhiteElo "2301"]
[BlackElo "1434"]
[Annotator "NA"]
[PlyCount "91"]
[EventDate "2018.06.16"]
[EventType "swiss"]
[EventCountry "GRE"]
[SourceTitle "playchess.com"]
[Source "ChessBase"]
[SourceQuality "1"]
[TimeControl "5400+30"]

1. d4 {[%emt 0:00:00]} d5 {[%emt 0:00:07]} 2. c4 {[%emt 0:00:00]} e6 {[%emt 0:00:06]} 3. Nc3 {[%emt 0:00:00]} Nf6 {[%emt 0:00:07]} 4. cxd5 {[%emt 0:00:00]} exd5 {[%emt 0:00:07]} 5. Bg5 {[%emt 0:00:03]} Be7 {[%emt 0:00:39]} 6. Qc2 {[%emt 0:00:17]} Be6 {[%emt 0:02:09]} 7. e3 {[%emt 0:00:34] D35: Queen's Gambit Declined: Exchange Variation} Nbd7 {[%emt 0:01:55]} 8. Bd3 {[%emt 0:00:27]} c5 {[%emt 0:03:48]} 9. dxc5 {[%emt 0:00:45]} Nxc5 {[%emt 0:00:38]} 10. Nge2 $146 {[%emt 0:01:02]} ({Predecessor:} 10. Bb5+ Kf8 11. Nge2 Rc8 12. O-O Nfe4 13. Bf4 Nxc3 14. Nxc3 Ne4 {1-0 (54) Kovacs,J (2041)-Hrnciar,R (2081) Slovakia 2013}) 10... O-O {[%emt 0:10:47]} 11. O-O {[%emt 0:00:16]} h6 {[%emt 0:01:57]} 12. Bh4 {[%emt 0:00:31]} Rc8 {[%emt 0:00:54]} 13. Rfd1 {[%emt 0:00:38]} Qc7 {[%emt 0:07:18]} 14. Rac1 {[%emt 0:06:15]} Rfd8 {[%emt 0:11:46]} 15. Qb1 {[%emt 0:06:07]} Nxd3 {[%emt 0:04:40]} 16. Qxd3 {[%emt 0:01:01]} Qc4 {[%emt 0:01:43]} 17. Bg3 {[%emt 0:02:01]} Ne4 {[%emt 0:05:37]} 18. Be5 {[%emt 0:04:28]} Qxd3 {[%emt 0:07:54]} 19. Rxd3 {[%emt 0:00:08]} Bf6 {[%emt 0:01:00]} 20. Bxf6 {[%emt 0:00:55]} Nxf6 {[%emt 0:00:07]} 21. Rcd1 {[%emt 0:01:09]} Rd7 {[%emt 0:03:18]} 22. f3 {[%emt 0:00:56]} Bf5 {[%emt 0:07:07]} 23. Rd4 {[%emt 0:00:44]} Re7 {[%emt 0:01:03]} 24. Nxd5 {[%emt 0:04:22]} Nxd5 $14 {[%emt 0:00:23]} 25. Rxd5 {[%emt 0:00:07]} Rxe3 {[%emt 0:00:59]} 26. Kf2 {[%emt 0:02:43]} Rce8 {[%emt 0:00:18]} 27. Nc3 {[%emt 0:01:29]} R3e5 {[%emt 0:03:35]} 28. Rxe5 {[%emt 0:07:31]} Rxe5 {[%emt 0:00:06]} 29. g4 {[%emt 0:00:11]} Be6 {[%emt 0:01:32]} 30. f4 {[%emt 0:01:19]} Ra5 {[%emt 0:00:42]} 31. f5 {[%emt 0:02:02]} Bc4 {[%emt 0:01:08]} 32. b3 {[%emt 0:13:21]} Ba6 {[%emt 0:00:18]} 33. Rd8+ {[%emt 0:00:05]} Kh7 {[%emt 0:00:07]} 34. b4 {[%emt 0:13:36]} Ra3 {[%emt 0:04:02]} 35. Rc8 {[%emt 0:00:12]} b6 {[%emt 0:01:45]} 36. Rc7 {[%emt 0:00:07]} Bd3 {[%emt 0:01:21]} 37. Ke3 {[%emt 0:04:10]} Bb1 {[%emt 0:01:38]} 38. Kd2 {[%emt 0:00:29]} Bxa2 {[%emt 0:03:48]} 39. Kc2 {[%emt 0:00:17]} a5 {[%emt 0:05:09]} 40. b5 {[%emt 0:00:00]} Rb3 {[%emt 0:00:00]} 41. Nxa2 {[%emt 0:00:00]} Rxb5 {[%emt 0:00:00]} 42. Rxf7 {[%emt 0:00:00]} Rc5+ {[%emt 0:00:00]} 43. Nc3 {[%emt 0:00:00]} b5 {[%emt 0:00:00]} 44. Kd3 {[%emt 0:00:00]} Rc4 {[%emt 0:00:00]} 45. Ne4 {[%emt 0:00:00]} Rc6 {[%emt 0:00:00]} 46. f6 {[%emt 0:00:00]} 1-0

[Event "2nd Hersonissos Open 2018"]
[Site "Hersonissos"]
[Date "2018.06.17"]
[Round "1"]
[White "Djingarova, Emilia"]
[Black "Ergazaki, Eirini"]
[Result "1-0"]
[WhiteElo "2218"]
[BlackElo "1348"]
[Annotator "NA"]
[PlyCount "59"]
[EventDate "2018.06.16"]
[EventType "swiss"]
[EventCountry "GRE"]
[SourceTitle "playchess.com"]
[Source "ChessBase"]
[SourceQuality "1"]
[TimeControl "5400+30"]

1. d4 {[%emt 0:02:04]} d5 {[%emt 0:00:07]} 2. Bf4 {[%emt 0:00:08]} Nf6 {[%emt 0:02:19]} 3. e3 {[%emt 0:01:10]} e6 {[%emt 0:03:00]} 4. Nf3 {[%emt 0:00:17]} Be7 {[%emt 0:01:33]} 5. Nbd2 {[%emt 0:01:48]} Nbd7 {[%emt 0:01:04]} 6. Bd3 {[%emt 0:00:14]} O-O {[%emt 0:01:18]} 7. Ne5 {[%emt 0:00:36] D02: 1 d4 d5 2 Nf3 sidelines, including 2...Nf6 3 g3 and 2...Nf6 3 Bf4} Nxe5 {[%emt 0:02:45]} 8. dxe5 {[%emt 0:00:54]} Nd7 {[%emt 0:00:46]} 9. Qh5 {[%emt 0:04:10]} g6 {[%emt 0:00:28]} 10. Qe2 {[%emt 0:07:09]} c5 {[%emt 0:04:25]} 11. c3 {[%emt 0:07:35]} Qc7 $146 {[%emt 0:02:52]} ({Predecessor:} 11... f6 12. exf6 Bxf6 13. Bh6 Re8 14. Nf3 Qc7 15. e4 c4 16. Bc2 b5 17. O-O {1-0 (55) Sedlak,N (2528)-Nuber,B (2324) Bayern 2015}) 12. Nf3 {[%emt 0:00:19]} Re8 {[%emt 0:00:46] [#]} 13. h4 $1 {[%emt 0:08:35]} Bf8 {[%emt 0:02:48]} ({Black should try} 13... h5 $1 $14) 14. h5 {[%emt 0:00:39]} c4 {[%emt 0:02:10]} 15. Bc2 $2 {[%emt 0:00:34]} (15. hxg6 $18 cxd3 16. gxf7+ (16. gxh7+ Kh8 $11) 16... Kxf7 17. Qxd3 (17. Rxh7+ Kg8 $18)) 15... a6 {[%emt 0:05:20]} 16. Ng5 {[%emt 0:02:35]} Bg7 {[%emt 0:04:57]} 17. Nxh7 {[%emt 0:11:27]} Nf8 {[%emt 0:10:36]} 18. Nxf8 {[%emt 0:03:29]} Kxf8 {[%emt 0:00:50]} 19. hxg6 {[%emt 0:00:13]} fxg6 {[%emt 0:01:12]} 20. Bxg6 {[%emt 0:00:07]} Re7 $18 {[%emt 0:00:08]} 21. Bg5 {[%emt 0:04:26]} Rd7 {[%emt 0:00:24]} 22. Qf3+ {[%emt 0:00:31]} Kg8 {[%emt 0:01:10]} 23. Bh7+ {[%emt 0:00:22]} Kh8 {[%emt 0:00:06]} 24. Bf5+ {[%emt 0:02:55]} Kg8 {[%emt 0:01:50]} 25. Bxe6+ {[%emt 0:00:20]} Rf7 {[%emt 0:01:20]} 26. Bxd5 {[%emt 0:00:40]} Bxe5 {[%emt 0:00:27]} 27. Qe4 {[%emt 0:03:36]} Kf8 {[%emt 0:02:03]} 28. Bxf7 {[%emt 0:00:07]} Kxf7 {[%emt 0:01:22]} 29. Rh7+ {[%emt 0:00:08]} Bg7 {[%emt 0:00:07]} 30. Bh6 {[%emt 0:00:11]} 1-0

[Event "2nd Hersonissos Open 2018"]
[Site "Hersonissos"]
[Date "2018.06.17"]
[Round "1"]
[White "Vanheirzeele, Daniel"]
[Black "Saklampanakis, Dimitrios"]
[Result "1-0"]
[WhiteElo "2156"]
[BlackElo "1319"]
[Annotator "NA"]
[PlyCount "61"]
[EventDate "2018.06.16"]
[EventType "swiss"]
[EventCountry "GRE"]
[SourceTitle "playchess.com"]
[Source "ChessBase"]
[SourceQuality "1"]
[TimeControl "5400+30"]

1. d4 {[%emt 0:00:00]} d5 {[%emt 0:00:07]} 2. c4 {[%emt 0:00:20]} e6 {[%emt 0:00:04]} 3. Nf3 {[%emt 0:00:06]} Nf6 {[%emt 0:00:20]} 4. g3 {[%emt 0:00:06]} Nbd7 {[%emt 0:00:21]} 5. Bg2 {[%emt 0:00:37]} b6 {[%emt 0:00:50]} 6. O-O {[%emt 0:06:14]} Ba6 {[%emt 0:02:37]} 7. Ne5 {[%emt 0:04:38]} Bd6 {[%emt 0:10:17]} 8. Qa4 {[%emt 0:06:44]} Bb7 {[%emt 0:16:25]} 9. Nc3 {[%emt 0:07:07]} O-O {[%emt 0:08:36]} 10. Nxd7 {[%emt 0:05:09]} Qxd7 $16 {[%emt 0:01:09]} 11. Qxd7 {[%emt 0:00:12]} Nxd7 {[%emt 0:00:05]} 12. cxd5 {[%emt 0:00:07]} exd5 {[%emt 0:02:22]} 13. Nxd5 {[%emt 0:02:19]} Rae8 {[%emt 0:04:48]} 14. Be3 {[%emt 0:07:17]} Ba6 {[%emt 0:02:38]} 15. Bf3 {[%emt 0:01:01]} c6 {[%emt 0:02:42]} 16. Nc3 {[%emt 0:14:15]} c5 {[%emt 0:01:33]} 17. Rfd1 {[%emt 0:05:47]} Re6 {[%emt 0:03:20]} 18. Bd5 {[%emt 0:11:38]} Re7 {[%emt 0:01:10]} 19. Bg5 {[%emt 0:01:02]} Ree8 {[%emt 0:02:42]} 20. Bc6 {[%emt 0:00:47]} Bc8 {[%emt 0:06:50]} 21. dxc5 f6 {[%emt 0:01:08]} 22. Rxd6 {[%emt 0:02:28]} fxg5 {[%emt 0:01:25]} 23. Bxd7 {[%emt 0:00:07]} Bxd7 {[%emt 0:01:06]} 24. Rxd7 {[%emt 0:00:04]} bxc5 {[%emt 0:00:10]} 25. Rxa7 {[%emt 0:01:22]} Rb8 {[%emt 0:00:10]} 26. b3 {[%emt 0:03:07]} Rf5 {[%emt 0:00:23]} 27. Rd1 {[%emt 0:00:27]} Rbf8 {[%emt 0:00:16]} 28. Rdd7 {[%emt 0:00:42]} R5f7 {[%emt 0:00:24]} 29. Rxf7 {[%emt 0:00:36]} Rxf7 {[%emt 0:00:12]} 30. Ra8+ {[%emt 0:00:03]} Rf8 {[%emt 0:00:10]} 31. Rxf8+ {[%emt 0:00:06]} 1-0

[Event "2nd Hersonissos Open 2018"]
[Site "Hersonissos"]
[Date "2018.06.17"]
[Round "1"]
[White "Serpetsidakis, Nikolaos"]
[Black "Matthaiaki, Nefeli"]
[Result "1-0"]
[WhiteElo "2126"]
[BlackElo "1284"]
[Annotator "NA"]
[PlyCount "59"]
[EventDate "2018.06.16"]
[EventType "swiss"]
[EventCountry "GRE"]
[SourceTitle "playchess.com"]
[Source "ChessBase"]
[SourceQuality "1"]
[TimeControl "5400+30"]

1. d4 {[%emt 0:00:00]} d5 {[%emt 0:00:10]} 2. c4 {[%emt 0:00:00]} e6 {[%emt 0:00:12]} 3. Nc3 {[%emt 0:00:00]} Nf6 {[%emt 0:00:11]} 4. Bg5 {[%emt 0:00:11]} Be7 {[%emt 0:00:13]} 5. e3 {[%emt 0:00:06]} O-O {[%emt 0:00:33]} 6. Bd3 {[%emt 0:00:08]} h6 {[%emt 0:00:20]} 7. Bh4 {[%emt 0:00:35]} Nbd7 {[%emt 0:01:10]} 8. Nf3 {[%emt 0:00:14]} b6 {[%emt 0:00:36]} 9. O-O {[%emt 0:00:11]} Bb7 {[%emt 0:00:20]} 10. Nd2 {[%emt 0:00:43]} c5 {[%emt 0:02:30]} 11. b3 {[%emt 0:00:56]} Rc8 {[%emt 0:10:07]} 12. Rc1 {[%emt 0:00:49]} Re8 {[%emt 0:26:17]} 13. Bg3 {[%emt 0:00:56]} a6 {[%emt 0:00:49]} 14. Qe2 {[%emt 0:00:46]} cxd4 {[%emt 0:08:21]} 15. exd4 {[%emt 0:00:10]} dxc4 {[%emt 0:01:43]} 16. bxc4 {[%emt 0:00:24]} Nb8 {[%emt 0:02:29]} 17. Nb3 {[%emt 0:00:39]} Bd6 {[%emt 0:08:57]} 18. Rfd1 $11 {[%emt 0:02:00]} Bxg3 {[%emt 0:06:11]} 19. hxg3 {[%emt 0:00:44]} Qe7 {[%emt 0:01:52]} 20. f4 {[%emt 0:02:07]} a5 {[%emt 0:04:30]} 21. g4 {[%emt 0:06:11]} Nc6 {[%emt 0:07:39]} 22. Nb5 {[%emt 0:04:08]} Nd7 {[%emt 0:04:41]} 23. Nd2 {[%emt 0:03:59]} Rcd8 {[%emt 0:03:19]} 24. Re1 {[%emt 0:04:14]} Ba8 {[%emt 0:01:08]} 25. Nf3 {[%emt 0:03:22]} Qf6 {[%emt 0:01:21]} 26. Qe3 {[%emt 0:01:55]} Nf8 {[%emt 0:01:10]} 27. Nc7 {[%emt 0:01:28]} Re7 {[%emt 0:00:16]} 28. Nxa8 {[%emt 0:01:33]} Rxa8 {[%emt 0:00:02]} 29. g5 {[%emt 0:00:11]} hxg5 {[%emt 0:01:43]} 30. fxg5 {[%emt 0:00:07]} 1-0

[Event "2nd Hersonissos Open 2018"]
[Site "Hersonissos"]
[Date "2018.06.17"]
[Round "1"]
[White "Umbetov, Kazybek"]
[Black "Kavouras, Kosmas"]
[Result "1-0"]
[WhiteElo "2001"]
[BlackElo "1184"]
[Annotator "NA"]
[PlyCount "99"]
[EventDate "2018.06.16"]
[EventType "swiss"]
[EventCountry "GRE"]
[SourceTitle "playchess.com"]
[Source "ChessBase"]
[SourceQuality "1"]
[TimeControl "5400+30"]

1. d4 {[%emt 0:00:00]} d5 {[%emt 0:00:17]} 2. c4 {[%emt 0:00:00]} c6 {[%emt 0:00:08]} 3. Nc3 {[%emt 0:00:00]} e6 {[%emt 0:00:38]} 4. e4 {[%emt 0:00:00]} Nf6 {[%emt 0:03:33]} 5. e5 {[%emt 0:00:00]} Nfd7 {[%emt 0:00:30]} 6. Nf3 {[%emt 0:00:00]} Be7 {[%emt 0:00:58] A18: English Opening: Flohr-Mikenas System (1 c4 Nf6 2 Nc3 e6 3 e4)} 7. Bd3 {[%emt 0:00:00]} (7. Be3 O-O 8. Bd3 dxc4 9. Bxc4 Nb6 10. Bd3 Nd5 11. Bc2 f6 12. exf6 Bxf6 13. h4 e5 14. Nxd5 cxd5 15. Nxe5 Bxe5 16. dxe5 {1-0 (61) Ponkratov,P (2613)-Laszczak,P (2100) Katowice 2017}) 7... b6 {[%emt 0:00:36]} 8. Be3 $146 {[%emt 0:02:23]} ({Predecessor:} 8. O-O Bb7 9. Re1 Na6 10. cxd5 cxd5 11. a3 Nc7 12. Bf4 a6 13. Qc2 h6 14. Rac1 {1-0 (39) Pedersen,C (2249)-Leimand,P (2029) Horsens 2003}) 8... Bb7 {[%emt 0:00:19]} 9. cxd5 {[%emt 0:00:07]} cxd5 {[%emt 0:00:29]} 10. Rc1 {[%emt 0:01:00]} Na6 {[%emt 0:00:26]} 11. O-O {[%emt 0:05:51]} O-O {[%emt 0:00:44]} 12. Ne2 {[%emt 0:02:14]} Nb4 {[%emt 0:00:20]} 13. Bb1 {[%emt 0:00:14]} Rc8 {[%emt 0:00:08]} 14. Rxc8 {[%emt 0:01:55]} Qxc8 {[%emt 0:00:07]} 15. a3 {[%emt 0:00:08]} Nc6 {[%emt 0:00:43]} 16. Qc2 {[%emt 0:00:35]} g6 {[%emt 0:00:43]} 17. Bh6 {[%emt 0:00:35]} Re8 {[%emt 0:00:14]} 18. Rc1 {[%emt 0:00:37]} Bf8 {[%emt 0:00:13]} 19. Be3 {[%emt 0:00:29]} Ne7 {[%emt 0:01:29]} 20. Qa4 {[%emt 0:01:04]} Nc6 {[%emt 0:02:19]} 21. h4 {[%emt 0:00:41]} b5 {[%emt 0:06:16]} 22. Qxb5 {[%emt 0:01:35]} Ba6 {[%emt 0:00:05]} 23. Qxc6 {[%emt 0:00:05]} Qxc6 {[%emt 0:00:15]} 24. Rxc6 {[%emt 0:00:03]} Bxe2 {[%emt 0:00:08]} 25. Rc7 {[%emt 0:01:09]} Bxf3 {[%emt 0:00:33]} 26. Rxd7 {[%emt 0:00:35]} Be2 {[%emt 0:02:32]} 27. Rxa7 {[%emt 0:00:09]} Bc4 {[%emt 0:00:37]} 28. Bc2 {[%emt 0:00:32]} Rb8 {[%emt 0:00:07]} 29. b3 {[%emt 0:01:07]} Bxb3 {[%emt 0:00:12]} 30. Bxb3 {[%emt 0:00:28]} Rxb3 {[%emt 0:00:52]} 31. a4 {[%emt 0:00:25]} Ra3 {[%emt 0:01:56]} 32. a5 {[%emt 0:01:26]} Kg7 {[%emt 0:00:09]} 33. g4 {[%emt 0:00:45]} h6 {[%emt 0:00:57]} 34. a6 {[%emt 0:00:17]} Bb4 {[%emt 0:00:06]} 35. Rb7 {[%emt 0:01:46]} Rxa6 {[%emt 0:10:22]} 36. Rxb4 {[%emt 0:00:02]} Rc6 {[%emt 0:00:13]} 37. Kg2 {[%emt 0:00:17]} h5 {[%emt 0:00:07]} 38. gxh5 {[%emt 0:00:20]} gxh5 {[%emt 0:00:13]} 39. Rb8 {[%emt 0:00:04]} Rc2 {[%emt 0:01:12]} 40. Kf3 {[%emt 0:00:00]} Ra2 {[%emt 0:00:00]} 41. Kf4 {[%emt 0:00:00]} Kg6 {[%emt 0:00:00]} 42. Rh8 {[%emt 0:00:00]} Ra1 {[%emt 0:00:00]} 43. Kf3 {[%emt 0:00:00]} Rh1 {[%emt 0:00:00]} 44. Rh6+ {[%emt 0:00:00]} Kg7 {[%emt 0:00:00]} 45. Rxh5 {[%emt 0:00:00]} Kg6 $18 {[%emt 0:00:00]} 46. Rh6+ {[%emt 0:00:00]} Kg7 {[%emt 0:00:00]} 47. Bg5 {[%emt 0:00:00]} Rh3+ {[%emt 0:00:00]} 48. Kg4 {[%emt 0:00:00]} Rd3 {[%emt 0:00:00]} 49. Kh5 {[%emt 0:00:00]} Rxd4 {[%emt 0:00:00]} 50. Bf6+ {[%emt 0:00:00]} 1-0

[Event "2nd Hersonissos Open 2018"]
[Site "Hersonissos"]
[Date "2018.06.17"]
[Round "1"]
[White "Sielicki, Tomasz"]
[Black "Fragkiadakis, Nikolaos Emm"]
[Result "1-0"]
[WhiteElo "1963"]
[BlackElo "1169"]
[Annotator "NA"]
[PlyCount "49"]
[EventDate "2018.06.16"]
[EventType "swiss"]
[EventCountry "GRE"]
[SourceTitle "playchess.com"]
[Source "ChessBase"]
[SourceQuality "1"]
[TimeControl "5400+30"]

1. d4 {[%emt 0:00:00]} d5 {[%emt 0:00:07]} 2. c4 {[%emt 0:00:03]} e6 {[%emt 0:00:14]} 3. Nc3 {[%emt 0:00:45]} Nf6 {[%emt 0:00:12]} 4. Nf3 {[%emt 0:00:31]} Nbd7 {[%emt 0:01:08]} 5. Bf4 {[%emt 0:00:51]} Bb4 {[%emt 0:01:35]} 6. Qb3 {[%emt 0:04:08]} Bxc3+ {[%emt 0:03:08]} 7. bxc3 {[%emt 0:00:32]} b6 {[%emt 0:06:59]} 8. cxd5 {[%emt 0:03:16]} exd5 {[%emt 0:03:21]} 9. e3 {[%emt 0:03:11]} Bb7 {[%emt 0:03:03]} 10. Bb5 {[%emt 0:02:30]} c6 {[%emt 0:02:28]} 11. Be2 {[%emt 0:01:08]} O-O {[%emt 0:03:13]} 12. O-O {[%emt 0:00:55]} Re8 {[%emt 0:03:07]} 13. Rac1 {[%emt 0:10:52]} h6 {[%emt 0:04:57]} 14. h3 {[%emt 0:01:37]} Ne4 {[%emt 0:03:31]} 15. c4 {[%emt 0:10:45]} Rc8 {[%emt 0:13:44]} 16. cxd5 {[%emt 0:08:06]} cxd5 {[%emt 0:00:44]} 17. Bb5 {[%emt 0:02:57]} Re7 {[%emt 0:07:48]} 18. Qa3 {[%emt 0:02:36]} a5 {[%emt 0:04:29]} 19. Rxc8 {[%emt 0:03:50]} Bxc8 {[%emt 0:01:05]} 20. Rc1 {[%emt 0:00:37]} Nf8 {[%emt 0:03:02]} 21. Rxc8 {[%emt 0:05:38]} Qxc8 {[%emt 0:01:07]} 22. Qxe7 {[%emt 0:00:15]} Qc2 {[%emt 0:01:26]} 23. Be8 {[%emt 0:03:50]} Qb1+ {[%emt 0:03:01]} 24. Kh2 {[%emt 0:00:46]} Qb4 {[%emt 0:02:01]} 25. Qxf7+ {[%emt 0:04:40]} 1-0